000 00607nam a2200217Ia 4500
003 OSt
005 20220923225120.0
006 a|||||r|||| 00| 0
007 ta
008 Pun
024 _a257,525
037 _cTextual
040 _aARTS
_cARTS
_bPun
041 _2Pun
_aPun
082 _aY73(P15):1.3, 153M6
100 _aਅਮਰਜੀਤ ਚੰਦਨ
245 0 _aਵਲਾਇਤੀਏ
_b ਬਰਤਾਨੀਆ ਵਿਚ ਹਿੰਦੁਸਤਾਨੀ
260 _c1986
942 _hY73(P15):1.3, 153M6
_cTEXL
_2CC
999 _c376150
_d376150